000 00718nam a2200121Ia 4500
008 220615s9999||||xx |||||||||||||| ||und||
245 0 _aLearning to Diagnose with Simulations
_bExamples from Teacher Education and Medical Education
546 _aEnglish[eng]
650 _aOpen Access||Learning diagnostic competences with simulations||Diagnosing primary school children’s mathematical competences||Mathematical argumentation skills in secondary school||Instructional quality of biology lessons||Students’ behavioral, developmental and learning disorders
700 _aFischer, Frank||Opitz, Ansgar
856 _uhttps://library.oapen.org/bitstream/20.500.12657/52839/1/978-3-030-89147-3.pdf
942 _cEB
999 _c14560
_d14560